[Event "Hebron Al Aqsa op 1st"]
[Site "Hebron"]
[Date "2022.12.09"]
[Round "3"]
[White "Alayyouby, Osaid"]
[Black "Alhammouri, Roa"]
[Result "0-1"]
[WhiteElo "1897"]
[BlackElo "1437"]
[PlyCount "77"]
[EventDate "2022.12.08"]
[EventType "swiss"]
[EventRounds "9"]
[EventCountry "PLE"]
[SourceTitle "EXT 2024"]
[Source "ChessBase"]
[SourceDate "2023.10.10"]
[SourceVersion "1"]
[SourceVersionDate "2023.10.10"]
[SourceQuality "1"]

1. e4 e5 2. Nf3 Nc6 3. Bc4 Bc5 4. c3 Nf6 5. d4 exd4 6. e5 d5 7. Bb5 Ne4 8. cxd4 Bb4+ 9. Nbd2 Bg4 10. Qc2 Qd7 11. 0-0 Nxd2 12. Nxd2 0-0 13. Bxc6 Qxc6 14. Qxc6 bxc6 15. Nb3 Be2 16. a3 Bxf1 17. Kxf1 Be7 18. Rb1 Rab8 19. Na5 Rb6 20. Be3 Bxa3 21. Nxc6 Rxc6 22. bxa3 Rb6 23. Rc1 c6 24. Bd2 Rfb8 25. Ba5 Rb1 26. Rxb1 Rxb1+ 27. Ke2 Kf8 28. Bc7 Ke7 29. Kf3 Ke6 30. Bd6 f6 31. Kf4 Re1 32. h4 Re4+ 33. Kf3 Rxd4 34. exf6 Kxf6 35. Bc5 Rc4 36. Bxa7 Rc3+ 37. Kf4 Rxa3 38. Be3 Rxe3 39. fxe3 0-1